Catalog

Record Details

Catalog Search



Police :  Harry Hole Cover Image Book Book

Police : Harry Hole/ Jo Nesbø ; translated from the Norwegian by Don Bartlett.

Nesbø, Jo, 1960- (author). Bartlett, Don, (translator.).

Summary:

When a police officer is found murdered at the scene of an old unsolved murder case that he was involved in investigating, it can hardly be a coincidence. When the same thing happens to two other officers in a matter of months the pattern is as clear as it is terrifying. None of the old cases were ever solved. The killings are extremely brutal and the police have no leads. What’s more, they’re missing their best investigator. At the same time, a severely wounded man is in a coma and kept alive at a hospital in Oslo. The police guard the room and the identity of the patient is kept secret. Once again Jo Nesbø delivers a devilishly clever story about the scope of human evil; a cat-and-mouse game that involves not only the victims and the police, but also the reader.

Record details

  • ISBN: 9780307951168
  • ISBN: 0307951162
  • ISBN: 9780307960498
  • ISBN: 0307960498
  • Physical Description: 562 pages ; 21 cm.
  • Edition: First Vintage Crime/Black Lizard edition.
  • Publisher: New York : Vintage Crime/Black Lizard, Vintage Books, Vintage Books, a division of Random House LLC, 2014.

Content descriptions

General Note:
"Originally published in Norway as Politi by H. Aschehoug & Co. (W. Nygaard), Oslo, 2013 ... This translation was originally published in Great Britain by Havrill Secker, an imprint of the Random House Group, Ltd., London."--Title page verso.
Subject: Hole, Harry (Fictitious character) > Fiction.
Police > Norway > Oslo > Fiction.
Police murders > Fiction.
Friendship > Fiction.
Secrets > Fiction.
Oslo (Norway) > Fiction.
Genre: Detective and mystery stories.

LDR 02125cam a22003855i 4500
001152957
003SBPL
00520200129142020.0
008140827t20142013nyu 000 1 eng
010 . ‡a 2014381489
020 . ‡a9780307951168 ‡q(pbk.)
020 . ‡a0307951162 ‡q(pbk.)
020 . ‡a9780307960498 ‡q(hardcover)
020 . ‡a0307960498 ‡q(hardcover)
035 . ‡a(CONS)152957
035 . ‡a(CPomAG)LMN615130
05000. ‡aPT8951.24.E83 ‡bP6513 2014
08200. ‡a839.823/74 ‡223
1001 . ‡aNesbø, Jo, ‡d1960- : ‡eauthor
24510. ‡aPolice : ‡b Harry Hole/ ‡cJo Nesbø ; translated from the Norwegian by Don Bartlett.
250 . ‡aFirst Vintage Crime/Black Lizard edition.
264 1. ‡aNew York : ‡bVintage Crime/Black Lizard, Vintage Books, Vintage Books, a division of Random House LLC, ‡c2014.
300 . ‡a562 pages ; ‡c21 cm.
336 . ‡atext ‡btxt ‡2rdacontent
337 . ‡aunmediated ‡bn ‡2rdamedia
338 . ‡avolume ‡bnc ‡2rdacarrier
4900 . ‡aThe Harry Hole series ; ‡Bk 10
500 . ‡a"Originally published in Norway as Politi by H. Aschehoug & Co. (W. Nygaard), Oslo, 2013 ... This translation was originally published in Great Britain by Havrill Secker, an imprint of the Random House Group, Ltd., London."--Title page verso.
520 . ‡aWhen a police officer is found murdered at the scene of an old unsolved murder case that he was involved in investigating, it can hardly be a coincidence. When the same thing happens to two other officers in a matter of months the pattern is as clear as it is terrifying. None of the old cases were ever solved. The killings are extremely brutal and the police have no leads. What’s more, they’re missing their best investigator. At the same time, a severely wounded man is in a coma and kept alive at a hospital in Oslo. The police guard the room and the identity of the patient is kept secret. Once again Jo Nesbø delivers a devilishly clever story about the scope of human evil; a cat-and-mouse game that involves not only the victims and the police, but also the reader.
650 0. ‡aHole, Harry (Fictitious character) ‡vFiction.
650 0. ‡aPolice ‡zNorway ‡zOslo ‡vFiction.
650 0. ‡aPolice murders ‡vFiction.
650 0. ‡aFriendship ‡vFiction.
650 0. ‡aSecrets ‡vFiction.
651 0. ‡aOslo (Norway) ‡vFiction.
655 7. ‡aDetective and mystery stories. ‡2lcgft
7001 . ‡aBartlett, Don, ‡etranslator.
8001 . ‡aNesbø, Jo, ‡d1960- ‡tHarry Hole series. ; ‡vbk. 10.
830 0. ‡aHarry Hole ; ‡vbk. 10.
901 . ‡a152957 ‡bUnknown ‡c152957 ‡tbiblio

Additional Resources